000 00251nam a22001097a 4500
082 _a621.381512 RIS'K
100 _aRISSE, JOUSEPH A
_956087
245 _aKONW YOUR VOM-VTVM
260 _aNEWYORK
_bHOWRAD W. SAMS
_c1963
300 _a144P
942 _cBK
999 _c566611
_d566611